MARC details
| 000 -LEADER |
| fixed length control field |
01857nam a2200241 a 4500 |
| 008 - FIXED-LENGTH DATA ELEMENTS--GENERAL INFORMATION |
| fixed length control field |
180906s2006 ||||||||||||||||| || u |
| 050 ## - LIBRARY OF CONGRESS CALL NUMBER |
| Classification number |
UNDP(02)2006/1A |
| 110 ## - MAIN ENTRY--CORPORATE NAME |
| Corporate name or jurisdiction name as entry element |
United Nations Development Programme (UNDP) |
| 245 10 - TITLE STATEMENT |
| Title |
Standard and poor's sovereign ratings in Africa, September 2006 |
| Statement of responsibility, etc. |
by United Nations Development Programme [UNDP] |
| 260 ## - PUBLICATION, DISTRIBUTION, ETC. |
| Place of publication, distribution, etc. |
London: |
| Name of publisher, distributor, etc. |
United Nations Development Programme (UNDP) |
| Date of publication, distribution, etc. |
2006 |
| 300 ## - PHYSICAL DESCRIPTION |
| Extent |
40p.: ill. |
| 650 ## - SUBJECT ADDED ENTRY--TOPICAL TERM |
| Topical term or geographic name entry element |
COUNTRY RISK--DEVELOPING COUNTRIES |
| 650 ## - SUBJECT ADDED ENTRY--TOPICAL TERM |
| Topical term or geographic name entry element |
DEBT, PUBLIC--RATINGS AND RANKINGS--PERIODICALS |
| 650 ## - SUBJECT ADDED ENTRY--TOPICAL TERM |
| Topical term or geographic name entry element |
COUNTRY RISK--EVALUATION--PERIODICALS |
| 650 ## - SUBJECT ADDED ENTRY--TOPICAL TERM |
| Topical term or geographic name entry element |
SECURITIES--RATINGS AND RANKINGS--PREIODICALS |
| 995 ## - |
| -- |
AMERICAN CORNER |
| -- |
4013 |
| -- |
CBU-DAG HAMMARSKJOLD INSTITUTE LIBRARY |
| -- |
UNDP(02)2006/1I |
| -- |
9 |
| -- |
AVAILABLE |
| -- |
May 30, 2019 |
| -- |
B4013 |
| -- |
International Publications |
| 995 ## - |
| -- |
AMERICAN CORNER |
| -- |
4015 |
| -- |
CBU-DAG HAMMARSKJOLD INSTITUTE LIBRARY |
| -- |
UNDP(02)2006/1K |
| -- |
11 |
| -- |
AVAILABLE |
| -- |
May 30, 2019 |
| -- |
B4015 |
| -- |
International Publications |
| 995 ## - |
| -- |
SPECIAL COLLECTIONS |
| -- |
3681 |
| -- |
CBU-MAIN LIBRARY (Kitwe) |
| -- |
UNDP(02)2006/1A |
| -- |
1 |
| -- |
AVAILABLE |
| -- |
Sep 6, 2018 |
| -- |
United Nations Development Programme |
| -- |
B3681 |
| -- |
University Collection |
| 995 ## - |
| -- |
SPECIAL COLLECTIONS |
| -- |
3684 |
| -- |
CBU-MAIN LIBRARY (Kitwe) |
| -- |
UNDP(02)2006/1D |
| -- |
4 |
| -- |
AVAILABLE |
| -- |
Sep 6, 2018 |
| -- |
United Nations Development Programme |
| -- |
B3684 |
| -- |
University Collection |
| 995 ## - |
| -- |
SPECIAL COLLECTIONS |
| -- |
3682 |
| -- |
CBU-MAIN LIBRARY (Kitwe) |
| -- |
UNDP(02)2006/1B |
| -- |
2 |
| -- |
AVAILABLE |
| -- |
Sep 6, 2018 |
| -- |
United Nations Development Programme |
| -- |
B3682 |
| -- |
University Collection |
| 995 ## - |
| -- |
AMERICAN CORNER |
| -- |
4016 |
| -- |
CBU-DAG HAMMARSKJOLD INSTITUTE LIBRARY |
| -- |
UNDP(02)2006/1L |
| -- |
12 |
| -- |
AVAILABLE |
| -- |
May 30, 2019 |
| -- |
B4016 |
| -- |
International Publications |
| 995 ## - |
| -- |
SPECIAL COLLECTIONS |
| -- |
3683 |
| -- |
CBU-MAIN LIBRARY (Kitwe) |
| -- |
UNDP(02)2006/1C |
| -- |
3 |
| -- |
AVAILABLE |
| -- |
Sep 6, 2018 |
| -- |
United Nations Development Programme |
| -- |
B3683 |
| -- |
University Collection |
| 999 ## - |
| -- |
76733 |
| -- |
76733 |
| 952 ## - LOCATION AND ITEM INFORMATION (KOHA) |
| -- |
4016 |